书目信息 |
| 题名: |
学习《毛主席诗词》
|
|
| 作者: | ||
| 分册: | ||
| 出版信息: | 1967 |
|
| 页数: | 302页 | |
| 开本: | 20cm | |
| 丛书名: | ||
| 单 册: | ||
| 中图分类: | A841.1 | |
| 科图分类: | ||
| 主题词: | 毛泽东著作--学习 , 毛泽东著作研究 | |
| 电子资源: | ||
| ISBN: | ||
| 000 | 00424nam0 2200169 450 | |
| 001 | 0761193623 | |
| 005 | 20070925170040.96 | |
| 100 | @a20070925d1967 km y0chiy0120 ea | |
| 101 | 0 | @achi |
| 200 | 1 | @a学习《毛主席诗词》@Axue xi《mao zhu xi shi ci》 |
| 210 | @d1967 | |
| 215 | @a302页@d20cm | |
| 606 | 0 | @a毛泽东著作@x学习 |
| 606 | 0 | @a毛泽东著作研究 |
| 690 | @aA841.1@v3 | |
| 801 | 0 | @aCN@bPFT@c20070925 |
| 905 | @a10447@dA841.1@e135 | |
| 学习《毛主席诗词》.-1967 |
| 302页;20cm |
| ISBN : |
| ● |
| 相关链接 |
|
|
|
|
正题名:学习《毛主席诗词》
索取号:A841.1/135
 
预约/预借
| 序号 | 登录号 | 条形码 | 馆藏地/架位号 | 状态 | 备注 |
| 1 | 0609843 | 206098435 | 第一样本阅览室/ [索取号:A841.1/135] | 在馆 |